000 00932nam a2200277 a 4500
001 1758
005 20250819160744.0
020 _a0590419625 :
_c$2.50 ($3.50 Can.)
040 _aDLC
_cDLC
050 0 0 _aPZ7.T3
_bTe 1989
082 0 0 _a[E]
_220
100 1 _aThaler, Mike
_d1936-
245 1 4 _aThe teacher from the black lagoon /
_cby Mike Thaler ; pictures by Jared Lee.
260 _aNew York :
_bScholastic,
_c1989.
300 _a31 unnumbered pages :
_bcolor illustrations ;
_c21 cm
505 _aH
520 _aOn the first day of school, a young boy expects only the worst when he discovers that his new teacher is the "monstrous" Mrs. Green.
521 _a490
_bLexile
521 _aH
_bRaz-Plus
650 1 _aTeachers
_xFiction.
650 1 _aSchools
_xFiction.
650 1 _aHumorous stories.
700 1 _aLee, Jared D.
_eillustrator
906 _a7
_bcbc
_corignew
_d2
_encip
_f19
_gy-gencatlg
942 _2ddc
_cBK
_n0
999 _c1758
_d1758